| 000 | 00481nam a22001457a 4500 | ||
|---|---|---|---|
| 005 | 20250221224253.0 | ||
| 008 | 250221b |||||||| |||| 00| 0 eng d | ||
| 020 | _a9780397510733 | ||
| 050 |
_aRE336 _b.C6 |
||
| 245 |
_aColor Atlas of Ophthalmic Surgery/ _bcorneal and refractive surgery _cHerbert E. Kaufman...et al., |
||
| 260 |
_aPhiladelphia _bJ. B. Lippincott Company _c1992 |
||
| 300 |
_axiv. 337p. _bill. some color _c28.5cm |
||
| 700 | _aKaufman, Herbert E. | ||
| 942 |
_2lcc _cBK _n0 |
||
| 999 |
_c4109 _d4109 |
||